00385nam a2200121Ia 4500008004100000082002000041100002400061245001500085260004400100300001000144630001800154650009100172211109s9999||||xx |||||||||||||| ||und|| a894.8123bVAS-A aVasudevan Nair, M T 0aAsuravithu bSahithya Pravarthaka...aKottayamc2000 a312p. xGeneral stack aMalayalam literaturevMalayalam novelxmalayalam fictionLiterature & rhetoricGeneralia